| 000 | 00697nam a22002055i 4500 | ||
|---|---|---|---|
| 001 | 54596 | ||
| 003 | ES-MaACL | ||
| 005 | 20250831023854.0 | ||
| 007 | t| | ||
| 008 | 960723s1877 sp ||||1| spa d | ||
| 040 |
_aCAM _bspa _cCAM |
||
| 080 | _a261.7 | ||
| 100 | 1 |
_aFrohschammer, J. _952716 |
|
| 245 | 1 | 3 |
_aEl primado de San Pedro y el Papa _b: para ilustración de los fundamentos del dominio del Papa de Roma / _cpor J. Frohschammer; traducido del alemán. |
| 260 |
_aMadrid : _bLibrería Nacional y extranjera, _c1877 ( _fImprenta de José Cruzado) |
||
| 300 |
_a32 p. ; _c20 cm. |
||
| 650 | 0 | 7 |
_aIglesia y Estado _2embne _913554 |
| 852 |
_aES-MaACL _jT-420-F-4 |
||
| 999 |
_c54596 _d54596 |
||